Spongebob Trivia (Hard) - Statistics

General Stats
  • This quiz has been taken 489 times
  • The average score is 6 of 15
Answer Stats
Hint Answer % Correct
When Mr. Krabs, Spongebob, and Patrick go on a panty raid, whose house do they go into? Mr. Krab's Mom
74%
"Do you smell it? That smell. A kind of smelly smell. The smelly smell that smells... smelly.......__________" Anchovies
68%
Why did Gary hang out with Patrick so much? The Cookie In His Shorts
57%
When Plankton calls in his family to help steal the formula, what does he promise them if they help him steal the formula? Root Beer
56%
When Spongebob decides to live with the jellyfish what makes him itch during the night? Poison Sea Urchins
50%
What attracts a Sea Rhinoceros? The Sound Of A Sea Bear Attack
50%
What do Spongebob and Patrick name the baby scallop they find? Junior
49%
What did Spongebob give to Patrick on valentines day when Sandy failed to show up on time with his actual gift? A Handshake
48%
"MA MA MA MA MA MA MA MA MA MA MA MA ______!!!!!!" MANRAY
46%
What was the name of the inflatable muscles that Spongebob buys? Anchor Arms
42%
"Ive been trying to catch you boys all day! Now that I've got you right where I want you ___________________ I'd like to buy all your chocolate
37%
"If I can't have you as a friend, I'll make you a ______" Trophy
33%
In order for Spongebob to get a job at the Krusty Krab, Mr. Krabs tells him to go and pick up a special spatula. What is the full name of the spatula A Hydro Dynamic Spatula With Port and Starboard Attachments And Turbo Drive
4%
What was the name of the invention Spongebob and Patrick made for the three monkeys that were coming to judge one of Sandy's invention? The Automatic Back Scratcher Hair Comber Nose Picker Ukulele Tuner 9000
1%
What were the names of the 5 superheroes that fought Manray, the Dirty Bubble, and also Barnacle Boy when he became evil? The Quickster, Captain Magma, The Elastic Waistband, Miss Appear, And Mermaid Man
1%
No matching quizzes found
Score Distribution
Percent of People with Each Score
Percentile by Number Answered
Your Score History
You have not taken this quiz